000 10726nas a22003137a 4500
003 NALT
005 20260211150504.0
006 a|||p|r|||| 00| 0
007 ta
008 260211b th |||p| |||| 00| 0 tha d
022 _a01250957
040 _aNALT
041 _atha
245 0 0 _aรัฐสภาสาร ปีที่ 45 ฉบับที่ 7-12 (กรกฎาคม-ธันวาคม 2540).
260 _aกองการพิมพ์ สำนักงานเลขาธิการสภาผู้แทนราษฎร.
310 _aรายเดือน.
500 _aวารสารเย็บเล่ม.
505 2 _aปีที่ 45 ฉบับที่ 7 ก.ค. 2540 -- ระบอบประชาธิปไตยกับพระมหากษัตริย์ในพระราชวงศ์จักรี -- การปกครองโดยระบอบกฎหมาย -- การปกครองโดยหลักนิติธรรม -- กฎหมายตราสามดวง -- ระบอบกฎหมาย -- การปฏิรูประเบียบบริหารราชการแผ่นดิน -- มณฑลเทศาภิบาล -- การสร้างความเสมอภาคในการปฏิบัติตามกฎหมาย -- กฎหมายกับความเป็นจริง -- กฎหมายมีไว้สำหรับให้มีช่องโหว่ในทางปฏิบัติ -- ความยืดหยุ่น -- กฎหมายชราภาพ -- หน้าที่ของผู้รักษากฎหมาย และผู้ที่ปฏิบัติตาม กฎหมาย -- ความหวังในการปฏิรูปการเมือง -- การห้ามสมาชิกรัฐสภาเป็นรัฐมนตรี -- รัฐบาลผสม -- การขาดเสถียรภาพ -- สมาชิกรัฐสภา -- ขุดคลองคอคอดกระ วันนี้พรุ่งนี้ก็สายเสียแล้ว.
505 2 _aปีที่ 45 ฉบับที่ 8 ส.ค. 2540 -- ความหมายและความสำคัญของศาลปกครอง -- ระบบการควบคุมโดยองค์กรภายในฝ่ายปกครอง -- ระบบการควบคุมโดยองค์กร ภายนอกฝ่ายปกครอง -- ระบบศาลคู่ -- ระบบศาลเดี่ยว -- ศาลปกครอง -- การวินิจฉัยคดีปกครองในระยะแรก -- วิธีพิจารณาคดีปกครอง -- ระบบองค์กรวินิจฉัย คดีปกครองในปัจจุบัน -- ระบบศาลปกครองเฉพาะ -- ระบบศาลธรรมดาที่มีแผนกคดีปกครอง -- ระบบศาลธรรมดา -- อิสระในการทำงาน -- อิสระในตัวผู้พิพากษา -- อิสระภายในกลุ่มผู้พิพากษา -- อิสระของคณะผู้พิพากษา -- สภาพปัญหาของคดีปกครองไทย -- ปัญหาระบบศาลยุติธรรมกับคดีปกครอง -- ศาลปกครองตามภูมิปํญญา ของชาวบ้าน -- รูปแบบขององค์กรวินิจฉัยคดีปกครองในประเทศต่าง ๆ.
505 2 _aปีที่ 45 ฉบับที่ 9 ก.ย. 2540 -- ความหมายและความสำคัญของกฎหมายรัฐธรรมนูญ -- ประชาชนกับรัฐธรรมนูญ -- การจัดทำรัฐธรรมนูญลายลักษณ์อักษร -- รัฐประหาร -- ความคุ้มครองสิทธิและเสรีภาพของประชาชนตามรัฐธรรมนูญไทย -- สิทธิมนุษยชน -- สิทธิของพลเมือง -- บทบาทและอำนาจหน้าที่ของ ประธานสภา -- ปัญหาเกี่ยวกับอำนาจหน้าที่ของประธานสภา -- แนวทางการปรับปรุงบทบาทคณะกรรมาธิการสามัญ สภาผู้แทนราษฎร -- คณะกรรมาธิการ สามัญประจำสภา -- คณะกรรมาธิการวิสามัญ -- คณะกรรมาธิการเต็มสภา -- คณะกรรมาธิการร่วมกันของสภา -- ครบ 100 ปี จอมพล ป. พิบูลสงคราม.
505 2 _aปีที่ 45 ฉบับที่ 10 ต.ค. 2540 -- ปฏิรูปครบวงจร : สู่ยุคเรืองรองของเมืองไทย (1) ปฏิรูปการศึกษา -- วางรากฐานปฏิรูปการศึกษาสร้างโอกาสให้คนสร้างชาติ -- ปฏิรูปการศึกษาอย่างครบถ้วน ต้องปฏิรูป "คน ระบบ บริบท" -- การปฏิรูปการศึกษา : กรณีของไทยและต่างประเทศ -- การปฏิรูปการศึกษาในอังกฤษและเวลล์ --การจัดบัตรการศึกษา -- การปฏิรูปการศึกษาในสหรัฐอเมริกา -- การปฏิรูปในออสเตรเลีย -- การปฏิรูปการศึกษาในประเทศไทย -- การปฏิรูปการศึกษาใน ปัจจุบัน -- การปฏิรูปการศึกษาของประเทศญี่ปุ่น -- บัณฑิตศึกษาศาสตร์ในอนาคต -- ปรัชญาศาสตร์ศึกษา -- เป้าหมายการผลิตบัณฑิตทางการศึกษา -- อำนาจทางการศึกษา : ความเป็นไปได้ของการเป็นอำนาจอธิปไตยที่ 4 -- ปัจจัยที่มีอิทธิพลต่อความสำเร็จของการปฏิรูปการบริหาร -- ขอบข่ายของการ ปฏิรูปการศึกษา -- รายงานผลการวิจัย เรื่อง ผู้ว่าราชการจังหวัด : วิเคราะห์เปรียบเทียบสหรัฐอเมริกา ฝรั่งเศส ญี่ปุ่น และไทย (ส่วนที่ 2) --
505 2 _aปีที่ 45 ฉบับที่ 11 พ.ย. 2540 -- กฎหมายว่าด้วยการเงินในการดำเนินกิจกรรมทางการเมืองของสหรัฐอเมริกา -- ลักษณะเฉพาะเกี่ยวกับขั้นตอนและวิธีการ เลือกตั้งในสหรัฐอเมริกา -- โครงสร้างพรรคการเมือง -- รายละเอียดของกฎหมายว่าด้วยการเงินในการดำเนินกิจกรรมทางการเมือง -- การให้เงินอุดหนุน โดยรัฐและการจำกัดการใช้จ่าย -- บทวิจารณ์กฎหมายว่าด้วยการเงินในการดำเนินกิจกรรมทางการเมือง -- ปัญหาของการปฏิรูปเกี่ยวกับการเงินในการ หาเสียงเลือกตั้ง -- องค์กรดูแลการเลือกตั้ง -- การจำกัดการบริจาค -- การให้เงินอุดหนุนจากรัฐ -- รายงานผลการวิจัย เรื่อง ผู้ว่าราชการจังหวัด : วิเคราะห์เปรียบเทียบสหรัฐอเมริกา ฝรั่งเศส ญี่ปุ่น และไทย (ส่วนที่ 3).
505 2 _aปีที่ 45 ฉบับที่ 12 ธ.ค. 2540 -- การปฏิรูปการเมืองไทยกับระบบการเลือกตั้ง -- แนวคิดเกี่ยวกับการเลือกตั้ง -- ความสำคัญของ "การเลือกตั้ง" -- หลักเกณฑ์ในการเลือกตั้ง -- วิธีการเลือกตั้ง -- ประเภทของการเลือกตั้ง -- วิธีการแบ่งเขตเลือกตั้ง -- การใช้เงินซื้อคะแนนเสียงเลือกตั้ง -- เทคนิค และวิธีโกงการเลือกตั้ง -- เวียนเทียน -- พลร่ม -- ไพ่ไฟ -- บัตรผี -- บัตรเหลือง -- การโกงโดยวิธีการนับคะแนน -- กฎหมายฟอกเงิน (กฎหมาย เกสตาโป) อันตรายต่อสิทธิเสรีภาพ.
650 0 _aรัฐสภา
_zไทย
_957374
850 _aNALT
866 _aปีที่ 45 ฉบับที่ 7-12 (กรกฎาคม-ธันวาคม 2540).
942 _cBOUND
996 _aaroonthip.c
_bLIBSTF
_c2026-02-11
999 _c107770
_d107770
998 _h179
_j179
_k นางสาวอรุณทิพย์ จันทร์ดิษฐ์